| 000 | 01216nmm a2200313 a 4500 | ||
|---|---|---|---|
| 001 | ocm0001520843 | ||
| 003 | TR-IsHL | ||
| 005 | 20201028163242.0 | ||
| 008 | 170206s2011 tu tur | ||
| 007 | cr cn | ||
| 020 | _a9789944742290 | ||
| 035 |
_a1520843 _b(N$T) |
||
| 050 | 0 | 4 |
_aBP189.7.B4. _bO94 2011 |
| 090 | 0 | 4 |
_aBP189.7.B4. _bO94 2011 |
| 100 | 1 | _aÖzdemir, Şuayip | |
| 245 | 1 | 0 |
_aAlevilerin din hizmeti beklentileri: (Malatya örneği) _h[electronic resource] / _cŞuayip Özdemir ; İsmail Arıcı |
| 260 |
_aİstanbul : _bArı Sanat Yayınları, _c2011 |
||
| 300 | _a117 p. | ||
| 500 |
_aKaynakça var. _x |
||
| 650 | 4 | _aFelsefe, Psikoloji ve Din | |
| 650 | 4 | _aPhilosophy, Psychology and Religion | |
| 650 | 0 |
_aTürkiye Diyanet İşleri Başkanlığı _x Yönetim |
|
| 650 | 0 |
_aTurkey Diyanet İşleri Başkanlığı _x Administration |
|
| 650 | 0 |
_aİslam mezhepleri _x İlişkiler _x Türkiye (Malatya) _x Vaka analizi |
|
| 650 | 0 |
_aIslamic sects _x Relations _x Turkey (Malatya) _x Case studies |
|
| 650 | 7 |
_aRELIGION / Islam / Sufi _2bisacsh |
|
| 700 | 1 | _aArıcı, İsmail | |
| 856 | 4 | 0 | _uhttp://search.ebscohost.com/login.aspx?direct=true&scope=site&db=e011xww&AN=1520843 |
| 999 |
_c15238 _d15238 |
||